header

Hughes electrical and electronic technology / (Record no. 251402)

MARC details
000 -LEADER
fixed length control field 01192cam a2200325 a 4500
001 - CONTROL NUMBER
control field 15265855
003 - CONTROL NUMBER IDENTIFIER
control field OSt
005 - DATE AND TIME OF LATEST TRANSACTION
control field 20151119102312.0
008 - FIXED-LENGTH DATA ELEMENTS--GENERAL INFORMATION
fixed length control field 080417s2008 enka 001 0 eng
010 ## - LIBRARY OF CONGRESS CONTROL NUMBER
LC control number 2008017741
020 ## - INTERNATIONAL STANDARD BOOK NUMBER
International Standard Book Number 9780132060110
040 ## - CATALOGING SOURCE
Original cataloging agency DLC
Transcribing agency DLC
Modifying agency DLC
050 00 - LIBRARY OF CONGRESS CALL NUMBER
Classification number TK146
Item number .H9 2008
082 00 - DEWEY DECIMAL CLASSIFICATION NUMBER
Classification number 621.3
Edition number 22
100 1# - MAIN ENTRY--PERSONAL NAME
Personal name Hughes, Edward,
Dates associated with a name 1888-
245 10 - TITLE STATEMENT
Title Hughes electrical and electronic technology /
Statement of responsibility, etc Edward Hughes ; revised by John Hiley, Keith Brown, and Ian McKenzie Smith.
250 ## - EDITION STATEMENT
Edition statement 10th ed.
260 ## - PUBLICATION, DISTRIBUTION, ETC. (IMPRINT)
Place of publication, distribution, etc Harlow, England ;
-- New York :
Name of publisher, distributor, etc Pearson/Prentice Hall,
Date of publication, distribution, etc 2008.
300 ## - PHYSICAL DESCRIPTION
Extent xv, 1008 p. :
Other physical details ill. ;
Dimensions 25 cm.
500 ## - GENERAL NOTE
General note Includes index.
650 #0 - SUBJECT ADDED ENTRY--TOPICAL TERM
Topical term or geographic name as entry element Electrical engineering
Form subdivision Textbooks.
Topical term or geographic name as entry element Electronics
Form subdivision Textbooks.
700 1# - ADDED ENTRY--PERSONAL NAME
Personal name Hiley, John.
Personal name Brown, Keith,
Dates associated with a name 1962-
Personal name Smith, Ian McKenzie.
856 41 - ELECTRONIC LOCATION AND ACCESS
Materials specified Table of contents only
Uniform Resource Identifier <a href="http://www.loc.gov/catdir/toc/ecip0816/2008017741.html">http://www.loc.gov/catdir/toc/ecip0816/2008017741.html</a>
906 ## - LOCAL DATA ELEMENT F, LDF (RLIN)
a 7
b cbc
c orignew
d 1
e ecip
f 20
g y-gencatlg
942 ## - ADDED ENTRY ELEMENTS (KOHA)
Source of classification or shelving scheme Library of Congress Classification
Koha item type Long Loan Books
Holdings
Withdrawn status Lost status Source of classification or shelving scheme Damaged status Not for loan Collection code Home library Current library Shelving location Date acquired Total Checkouts Full call number Barcode Date last seen Date checked out Price effective from Koha item type
    Library of Congress Classification     Non-fiction Rongo University Library Rongo University Library General Stacks 19/11/2015 4 TK146 .H9 2008 20157690 02/12/2019 19/11/2019 19/11/2015 Long Loan Books

© 2026 Rongo University
Contact us: librarian | system librarian | Rongo university